[Event "Reykjavik op"]
[Site "Reykjavik"]
[Date "2024.03.20"]
[Round "8"]
[White "Manenschijn, Wouter"]
[Black "Krassel, Timofei"]
[Result "1/2-1/2"]
[WhiteElo "1864"]
[BlackElo "2035"]
[PlyCount "104"]
[EventDate "2024.03.15"]
[EventType "swiss"]
[EventRounds "9"]
[EventCountry "ISL"]
[SourceTitle "CB13_2024"]
[SourceDate "2024.03.27"]
[SourceVersion "1"]
[SourceVersionDate "2024.03.27"]
[SourceQuality "1"]

1. e4 e5 2. Nf3 Nc6 3. Nc3 Nf6 4. d4 exd4 5. Nxd4 Bb4 6. Nxc6 bxc6 7. Bd3 d5 8. exd5 cxd5 9. 0-0 0-0 10. h3 h6 11. Qf3 Rb8 12. Bf4 Bd6 13. b3 Rb4 14. Bxd6 Qxd6 15. Nb5 Qc5 16. a4 c6 17. Nc3 Kh8 18. Na2 Rb8 19. Rfe1 Be6 20. Nc1 Rbe8 21. Ne2 Ne4 22. Bxe4 dxe4 23. Qc3 Qg5 24. Qe3 Qe5 25. Qxa7 c5 26. Qa5 e3 27. Qc3 exf2+ 28. Kxf2 Qg5 29. Ng1 Bd5 30. Nf3 Bxf3 31. gxf3 h5 32. Rxe8 Rxe8 33. Rg1 Qh4+ 34. Rg3 f6 35. Qxc5 g5 36. Qd6 Kg7 37. c3 Kg6 38. a5 Re5 39. Qd3+ Kh6 40. b4 Qf4 41. a6 Qc1 42. Rg1 Qb2+ 43. Kf1 Qa2 44. b5 Rd5 45. Qe2 Rd2 46. Qxd2 Qxd2 47. a7 Qa2 48. b6 f5 49. Rg2 Qb1+ 50. Ke2 Qc2+ 51. Kf1 Qb1+ 52. Ke2 Qc2+ 1/2-1/2

[Event "Reykjavik op"]
[Site "Reykjavik"]
[Date "2024.03.18"]
[Round "6"]
[White "Manenschijn, Wouter"]
[Black "Bjornsson, Sigurbjorn"]
[Result "1/2-1/2"]
[WhiteElo "1864"]
[BlackElo "2305"]
[PlyCount "125"]
[EventDate "2024.03.15"]
[EventType "swiss"]
[EventRounds "9"]
[EventCountry "ISL"]
[SourceTitle "CB13_2024"]
[SourceDate "2024.03.27"]
[SourceVersion "1"]
[SourceVersionDate "2024.03.27"]
[SourceQuality "1"]

1. e4 c5 2. Nf3 d6 3. d4 cxd4 4. Nxd4 Nf6 5. Nc3 g6 6. Be3 Bg7 7. f3 a6 8. Qd2 h5 9. 0-0-0 b5 10. Kb1 Bb7 11. a3 Nbd7 12. Be2 Rc8 13. h3 h4 14. Rhe1 0-0 15. Bh6 Rc5 16. Bxg7 Kxg7 17. Bf1 Qc7 18. f4 Rxc3 19. Qxc3 Qxc3 20. bxc3 Nxe4 21. Kb2 Rc8 22. Re3 Nb6 23. Rde1 Na4+ 24. Kb3 Naxc3 25. Nf3 d5 26. Bd3 Na4 27. Nxh4 e6 28. Nf3 Nd6 29. g4 Nc5+ 30. Kb2 Nc4+ 31. Bxc4 Na4+ 32. Kc1 Rxc4 33. f5 d4 34. Nxd4 Rxd4 35. fxe6 fxe6 36. Rxe6 Bg2 37. g5 Rd7 38. Re7+ Rxe7 39. Rxe7+ Kf8 40. Re6 Kf7 41. Rf6+ Kg7 42. Rxa6 Bf1 43. Ra7+ Kf8 44. Kd2 Nb6 45. Ke3 Bxh3 46. Kd4 Bf1 47. Ra6 Nd7 48. Rxg6 Ke7 49. Rh6 Nf8 50. Ke5 Bc4 51. Ra6 Nd7+ 52. Kd4 Bf1 53. a4 bxa4 54. Rxa4 Ke6 55. c4 Kf5 56. Ra5+ Kg6 57. c5 Bg2 58. Ra6+ Kxg5 59. c6 Bxc6 60. Rxc6 Nf6 61. Rc1 Kf5 62. Rf1+ Ke6 63. Rxf6+ 1/2-1/2

[Event "Reykjavik op"]
[Site "Reykjavik"]
[Date "2024.03.17"]
[Round "4"]
[White "Manenschijn, Wouter"]
[Black "Ornolfsson, Magnus P"]
[Result "0-1"]
[WhiteElo "1864"]
[BlackElo "2163"]
[PlyCount "66"]
[EventDate "2024.03.15"]
[EventType "swiss"]
[EventRounds "9"]
[EventCountry "ISL"]
[SourceTitle "CB13_2024"]
[SourceDate "2024.03.27"]
[SourceVersion "1"]
[SourceVersionDate "2024.03.27"]
[SourceQuality "1"]

1. e4 e5 2. Nf3 Nc6 3. Bc4 Bc5 4. c3 Nf6 5. d3 d6 6. Bb3 0-0 7. 0-0 Bg4 8. h3 Bh5 9. Re1 Re8 10. Nbd2 a6 11. Nf1 Ba7 12. Ng3 Bg6 13. Bg5 h6 14. Be3 Nh5 15. Nf5 Bxf5 16. exf5 Nf6 17. Qd2 Bxe3 18. Rxe3 d5 19. Rae1 Qd6 20. d4 e4 21. Nh2 Ne7 22. g4 c5 23. dxc5 Qxc5 24. Kh1 Rad8 25. Rg1 d4 26. cxd4 Rxd4 27. Qe2 Red8 28. g5 hxg5 29. Rxg5 Nxf5 30. Rc3 Qe5 31. Ng4 Ng3+ 32. Rxg3 Qxg5 33. Ne3 Qf4 0-1

[Event "Reykjavik op"]
[Site "Reykjavik"]
[Date "2024.03.15"]
[Round "1"]
[White "Leliveld, Andrew"]
[Black "Manenschijn, Wouter"]
[Result "0-1"]
[WhiteElo "1657"]
[BlackElo "1864"]
[PlyCount "42"]
[EventDate "2024.03.15"]
[EventType "swiss"]
[EventRounds "9"]
[EventCountry "ISL"]
[SourceTitle "CB13_2024"]
[SourceDate "2024.03.27"]
[SourceVersion "1"]
[SourceVersionDate "2024.03.27"]
[SourceQuality "1"]

1. e4 e5 2. Bc4 Nf6 3. d4 exd4 4. Nf3 Nc6 5. 0-0 Nxe4 6. Re1 d5 7. Bxd5 Qxd5 8. Nc3 Qh5 9. Nxe4 Be6 10. Neg5 0-0-0 11. Nxe6 fxe6 12. Rxe6 Bd6 13. Bg5 Rdf8 14. h4 h6 15. Bd2 g5 16. c3 g4 17. Nxd4 Nxd4 18. cxd4 Qxh4 19. g3 Bxg3 20. fxg3 Qxg3+ 21. Kh1 Rf2 0-1

[Event "Groningen op-B 55th"]
[Site "Groningen"]
[Date "2017.12.27"]
[Round "6"]
[White "Manenschijn, Wouter"]
[Black "Visser, Ynte"]
[Result "1/2-1/2"]
[WhiteElo "1808"]
[BlackElo "1761"]
[PlyCount "43"]
[EventDate "2017.12.22"]
[EventType "swiss"]
[EventRounds "9"]
[EventCountry "NED"]
[SourceTitle "CBM 182 Extra"]
[Source "ChessBase"]
[SourceDate "2018.02.23"]
[SourceVersion "1"]
[SourceVersionDate "2018.02.23"]
[SourceQuality "1"]

1. e4 c5 2. Nf3 Nc6 3. d4 cxd4 4. Nxd4 g6 5. c4 Nf6 6. Nc3 d6 7. Be2 Nxd4 8. Qxd4 Bg7 9. Qd3 0-0 10. 0-0 Be6 11. Be3 Ng4 12. Bd4 Ne5 13. Bxe5 Bxe5 14. Rad1 Qa5 15. Nd5 Bxd5 16. Qxd5 Qxd5 17. Rxd5 Bxb2 18. Rb1 Bf6 19. Rxb7 Rfb8 20. Rdb5 Rxb7 21. Rxb7 a5 22. a4 1/2-1/2